000 00822nam a2200289Ia 4500
005 20260324115551.0
008 008 260324s9999 xx 000 0 eng d
020 _a9781315310602
037 _aEBOOK
040 _aCRL
040 _beng
040 _cCRL
041 _2eng
041 _aeng
084 _qCRL
100 _aWilliam J Rothwell; Angela L.M. Stopper; Jennifer Myers; Hyung Joon Yoon; Lindsay Weissberg; Julie D. Staggs
_91155166
245 0 _aAssessment and Diagnosis for Organization Development
245 0 _bPowerful Tools and Perspectives for the OD Practitioner
260 _bTaylor and Francis
260 _c2017
365 _a
365 _b255
856 _uhttp://www.taylorfrancis.com/books/9781315310602
942 _cEBOOK
999 _c1746130
_d1746130